日本国内の政令指定都市 - Statistics

General Stats
  • This quiz has been taken 546 times
  • The average score is 20 of 20
Answer Stats
Hint Answer % Correct
北海道 札幌市
100%
宮城県 仙台市
100%
千葉県 千葉市
99%
埼玉県 さいたま市
99%
神奈川県 横浜市
99%
川崎市
99%
新潟県 新潟市
99%
静岡県 静岡市
99%
愛知県 名古屋市
99%
京都府 京都市
99%
大阪府 大阪市
99%
兵庫県 神戸市
99%
岡山県 岡山市
99%
広島県 広島市
99%
福岡県 北九州市
99%
福岡市
99%
熊本県 熊本市
99%
浜松市
98%
堺市
97%
相模原市
96%
No matching quizzes found
Score Distribution
Percent of People with Each Score
Percentile by Number Answered
Your Score History
You have not taken this quiz